|
|
|
|
| LEADER |
00825nab a2200253 i 4500 |
| 001 |
publ31218 |
| 005 |
20241204083030.0 |
| 008 |
241204s2001 hu o 000 hun d |
| 022 |
|
|
|a 0006-7768; 2064-261X
|
| 024 |
7 |
|
|a 1624610
|2 mtmt
|
| 040 |
|
|
|a SZTE Publicatio Repozitórium
|b hun
|
| 041 |
|
|
|a hun
|
| 100 |
1 |
|
|a Garaczi Edina
|
| 245 |
1 |
0 |
|a Tuberculosis cutis colliquativa.
|h [elektronikus dokumentum] :
|b [esetismertetés] /
|c Garaczi Edina
|
| 260 |
|
|
|c 2001
|
| 300 |
|
|
|a 15-17
|
| 490 |
0 |
|
|a BŐRGYÓGYÁSZATI ÉS VENEROLÓGIAI SZEMLE
|v 77
|
| 650 |
|
4 |
|a Klinikai orvostan
|
| 700 |
0 |
1 |
|a Husz Sándor
|e aut
|
| 700 |
0 |
1 |
|a Lamper Zoltán
|e aut
|
| 700 |
0 |
1 |
|a Kiss Mária
|e aut
|
| 700 |
0 |
1 |
|a Korom Irma
|e aut
|
| 700 |
0 |
1 |
|a Dobozy Attila
|e aut
|
| 856 |
4 |
0 |
|u http://publicatio.bibl.u-szeged.hu/31218/1/aok_klny_367_01.pdf
|z Dokumentum-elérés
|